00630nam a2200193Ia 4500008004100000020001500041082001600056100002600072245002900098250000700127260004100134300003100175500001900206600002100225650005000246942000700296952011800303999001500421240925s9999 xx 000 0 und d a8176560316 a005.133 PET aPetroutsos, Evangelos 0aMastering Visual Basic 6 aNA aNew Jersey:bPrintice- Hall Int.cNA axxiii,620p.bNAfPhotocopy aIncludes Index aComputer Science aComputer science, information & general works cBK 001040708CSaUITUbUITUd2003-01-30eF.B.Cg165.00l0o005.133 PETpQ4915r2024-09-25 07:13:40w2024-09-25yBK c7414d7414